|
|
|
|
| LEADER |
02173nam a2200325 a 4500 |
| 001 |
GR-Patra34689 |
| 008 |
970527s1990 gr g b 000 b gre d |
| 020 |
|
|
|a 9607084004
|
| 082 |
|
0 |
|a 305.4
|2 23
|
| 100 |
1 |
|
|a Αβδελά, Έφη,
|d 1952-
|
| 245 |
1 |
0 |
|a Δημόσιοι υπάλληλοι γένους θηλυκού :
|b καταμερισμός της εργασίας κατά φύλα στον δημόσιο τομέα 1908-1955 /
|c Έφη Αβδελά.
|
| 260 |
|
|
|a Αθήνα :
|b Εμπορική Τράπεζα της Ελλάδος. Ίδρυμα Έρευνας & Παιδείας,
|c 1990
|
| 300 |
|
|
|a 292σ. :
|b διαγρ/τα, πινακ. ;
|c 24εκ.
|
| 490 |
0 |
|
|a Μελέτες Νεοελληνικής Ιστορίας
|
| 500 |
|
|
|a Περιλαμβάνει βιβλιογραφικές αναφορές.
|
| 500 |
|
|
|a Προπτυχιακά προγράμματα σπουδών για θέματα φύλου και ισότητας ΤΕΙ Πάτρας: Μέτρο: 4.2 Ενέργεια: 4.2.1 Κατ. Πράξεων: 4.2.1.β: αρ. αντιτ.: 46963
|
| 610 |
0 |
4 |
|a Προπτυχιακά προγράμματα σπουδών ΤΕΙ Πάτρας για θέματα φύλου και ισότητας: Μέτρο 4.2 Ενέργεια 4.2.1
|
| 650 |
|
0 |
|a Sex discrimination in employment
|z Greece
|
| 650 |
|
4 |
|a Γυναίκες δημόσιοι υπάλληλοι
|z Ελλάς
|
| 650 |
|
4 |
|a Γυναίκες
|x Απασχόληση
|x Ιστορία
|z Ελλάς
|
| 650 |
|
4 |
|a Γυναίκες
|x Απασχόληση
|z Ελλάς
|x Ιστορία
|
| 650 |
1 |
0 |
|a Women in the civil service
|z Greece
|
| 650 |
1 |
0 |
|a Women in the civil service
|z Greece
|x History
|
| 650 |
1 |
0 |
|a Women
|x Employment
|x History
|z Greece
|
| 650 |
1 |
0 |
|a Women
|x Employment
|z Greece
|x History
|
| 710 |
0 |
|
|a Εμπορική Τράπεζα της Ελλάδας. Ίδρυμα Έρευνας και Παιδείας
|
| 942 |
|
|
|2 ddc
|
| 952 |
|
|
|0 0
|1 0
|2 ddc
|4 0
|6 305_400000000000000_ΑΒΔ
|7 1
|9 316568
|a LISK
|b LISK
|c BSC
|d 2021-01-17
|e 24
|f 0
|g 0.00
|l 0
|o 305.4 ΑΒΔ
|p 92410046963
|r 2021-01-17 00:00:00
|t 1
|w 2021-01-17
|y BKN
|x 20131106 0 0
|x GrPaTEI
|
| 971 |
|
|
|a .b26822611
|b 08-10-20
|c 27-09-16
|
| 999 |
|
|
|c 180257
|d 180257
|